Normal view MARC view

Entry Topical Term

Number of records used in: 1

001 - CONTROL NUMBER

  • control field: 23767

003 - CONTROL NUMBER IDENTIFIER

  • control field: OSt

005 - DATE AND TIME OF LATEST TRANSACTION

  • control field: 20210324124754.0

008 - FIXED-LENGTH DATA ELEMENTS

  • fixed length control field: 210324|| aca||aabn | a|a d

040 ## - CATALOGING SOURCE

  • Original cataloging agency: OSt
  • Transcribing agency: OSt

150 ## - HEADING--TOPICAL TERM

  • Topical term or geographic name entry element: Political culture - Canada

670 ## - SOURCE DATA FOUND

  • Source citation: Work cat.: (OSt): Dwivedi, O.P. and Gow, James Iain 23765, From bureaucracy to public management , 1937

Powered by Koha